[Event "Frankfurt-chA"]
[Site "Frankfurt"]
[Date "2017.05.02"]
[Round "2"]
[White "Richter, Wolfram"]
[Black "Benikhis, Avram"]
[Result "0-1"]
[WhiteElo "1531"]
[BlackElo "1743"]
[PlyCount "84"]
[EventDate "2017.04.24"]
[EventType "swiss"]
[EventRounds "7"]
[EventCountry "GER"]
[SourceTitle "EXT 2018"]
[Source "ChessBase"]
[SourceDate "2017.10.13"]
[SourceVersion "1"]
[SourceVersionDate "2017.10.13"]
[SourceQuality "1"]

1. Nf3 d5 2. g3 Nf6 3. Bg2 h6 4. c4 dxc4 5. Na3 c6 6. Nxc4 Be6 7. Nce5 Nbd7 8. d3 Nxe5 9. Bd2 Nxf3+ 10. Bxf3 Bh3 11. Qa4 e5 12. 0-0-0 Bd7 13. Kb1 c5 14. Qc4 Bc6 15. Bxc6+ bxc6 16. Qa4 Qb6 17. Rc1 Bd6 18. Rc4 Qb5 19. Qc2 0-0 20. g4 Nd5 21. g5 h5 22. Rc1 g6 23. e3 Rfe8 24. Qd1 Nb6 25. R4c3 e4 26. d4 c4 27. R3c2 a5 28. f3 Qxg5 29. f4 Qf5 30. Be1 a4 31. a3 Qh3 32. Bd2 Red8 33. Qg1 Kh7 34. Rf1 Qg4 35. Qf2 Be7 36. Be1 Qe6 37. Qg1 f5 38. Rg2 Rg8 39. Bc3 Nd5 40. Bd2 Rab8 41. Ka1 Rb3 42. Rc1 Rgb8 0-1

[Event "Frankfurt-chA"]
[Site "Frankfurt"]
[Date "2015.06.15"]
[Round "7"]
[White "Kolker, Vladislav"]
[Black "Benikhis, Avram"]
[Result "1-0"]
[WhiteElo "1908"]
[BlackElo "1724"]
[PlyCount "35"]
[EventDate "2015.04.27"]
[EventType "swiss"]
[EventRounds "7"]
[EventCountry "GER"]
[SourceTitle "EXT 2016"]
[Source "ChessBase"]
[SourceDate "2015.10.08"]
[SourceVersion "1"]
[SourceVersionDate "2015.10.08"]
[SourceQuality "1"]

1. e4 d5 2. exd5 Qxd5 3. Nc3 Qa5 4. d4 c6 5. Bc4 Bf5 6. Nf3 e6 7. Ne5 Nf6 8. Qe2 Be7 9. Bd2 Qc7 10. g4 Bg6 11. h4 Bxc2 12. Bf4 Nd5 13. Nxd5 exd5 14. Qxc2 Na6 15. Ng6 Bd6 16. Bxd6 Qxd6 17. Nxh8 Nb4 18. Qd2 1-0

[Event "Frankfurt-chA"]
[Site "Frankfurt"]
[Date "2015.05.04"]
[Round "2"]
[White "Rutsatz, Mario"]
[Black "Benikhis, Avram"]
[Result "0-1"]
[WhiteElo "1917"]
[BlackElo "1724"]
[PlyCount "76"]
[EventDate "2015.04.27"]
[EventType "swiss"]
[EventRounds "7"]
[EventCountry "GER"]
[SourceTitle "EXT 2016"]
[Source "ChessBase"]
[SourceDate "2015.10.08"]
[SourceVersion "1"]
[SourceVersionDate "2015.10.08"]
[SourceQuality "1"]

1. Nf3 d5 2. g3 Nf6 3. Bg2 c6 4. 0-0 Bg4 5. Ne5 Bf5 6. c4 dxc4 7. Nxc4 Nbd7 8. b4 e6 9. Qb3 Be7 10. d3 0-0 11. Bb2 Bg4 12. e4 Rc8 13. f3 Bh5 14. d4 b6 15. Nc3 c5 16. dxc5 bxc5 17. b5 Nb6 18. Rad1 Qc7 19. Ne2 Nxc4 20. Qxc4 Nd7 21. Nf4 Nb6 22. Qc3 Bf6 23. e5 Na4 24. Qb3 Nxb2 25. exf6 Nxd1 26. Nxh5 Qe5 27. fxg7 Rfd8 28. Rxd1 Qxh5 29. Re1 Qd5 30. Qa3 Qd4+ 31. Kh1 c4 32. Bh3 Rc7 33. f4 c3 34. Bg2 c2 35. Bc6 Qf2 36. Rg1 Kxg7 37. Qc3+ f6 38. Qb3 Rd2 0-1

[Event "Frankfurt-chA"]
[Site "Frankfurt"]
[Date "2015.04.27"]
[Round "1"]
[White "Benikhis, Avram"]
[Black "Koch, Markus"]
[Result "1-0"]
[WhiteElo "1724"]
[BlackElo "2123"]
[PlyCount "121"]
[EventDate "2015.04.27"]
[EventType "swiss"]
[EventRounds "7"]
[EventCountry "GER"]
[SourceTitle "EXT 2016"]
[Source "ChessBase"]
[SourceDate "2015.10.08"]
[SourceVersion "1"]
[SourceVersionDate "2015.10.08"]
[SourceQuality "1"]

1. d4 Nf6 2. c4 e6 3. Nc3 c5 4. d5 exd5 5. cxd5 d6 6. e4 g6 7. Bd3 Bg7 8. Nge2 0-0 9. 0-0 Na6 10. Bg5 Nc7 11. Qd2 Re8 12. Rab1 Qd7 13. Ng3 b5 14. b4 c4 15. Bc2 h5 16. h3 Nh7 17. Be3 Qe7 18. Nce2 h4 19. Nh1 Bd7 20. Nd4 Nf6 21. f3 Nfxd5 22. Bf2 c3 23. Qc1 Nb6 24. Bb3 Rac8 25. Qxc3 Bxh3 26. Qd2 Bd7 27. Rfe1 Kh7 28. Rbc1 Ne6 29. Nxe6 Bxe6 30. Bxe6 fxe6 31. Bd4 Nc4 32. Qf2 Bh6 33. Rc2 Rc7 34. Qe2 e5 35. Bf2 Bf4 36. Rd1 Rec8 37. Qd3 Qg5 38. Re2 Kg7 39. a3 Rh8 40. Rc2 Qe7 41. a4 a6 42. axb5 axb5 43. Qd5 h3 44. g3 h2+ 45. Kf1 Ne3+ 46. Bxe3 Rxc2 47. gxf4 Qh4 48. Qb7+ Kh6 49. fxe5+ Kh5 50. Qd7 Rc3 51. Ke2 dxe5 52. Qg7 Rxe3+ 53. Kxe3 Qf4+ 54. Kf2 Ra8 55. Ng3+ Kg5 56. Qe7+ Kh6 57. Rh1 Ra2+ 58. Ne2 Rxe2+ 59. Kxe2 Qg3 60. Qf8+ Kg5 61. Qd8+ 1-0

[Event "Rhein Main op-A 17th"]
[Site "Bad Homburg"]
[Date "2014.06.21"]
[Round "5"]
[White "Benikhis, Avram"]
[Black "Muetsch, Annmarie"]
[Result "1/2-1/2"]
[WhiteElo "1890"]
[BlackElo "1648"]
[PlyCount "71"]
[EventDate "2014.06.18"]
[EventType "swiss"]
[EventRounds "7"]
[EventCountry "GER"]
[SourceTitle "CBM 161 Extra"]
[Source "ChessBase"]
[SourceDate "2014.08.29"]
[SourceVersion "1"]
[SourceVersionDate "2014.08.29"]
[SourceQuality "1"]

1. e4 e5 2. Nf3 Nc6 3. Bc4 Be7 4. d4 exd4 5. Nxd4 d6 6. c3 Nf6 7. Qc2 0-0 8. 0-0 Ne5 9. Bb3 Bd7 10. f4 Ng6 11. Kh1 Rc8 12. c4 c6 13. Be3 d5 14. e5 Ne4 15. cxd5 cxd5 16. Nc3 Nxc3 17. bxc3 Bb4 18. Bd2 Bc5 19. Qb2 Bxd4 20. cxd4 Bb5 21. Rf3 Nh4 22. Re3 Qd7 23. Rg3 Nf5 24. Rh3 Ne7 25. Bb4 Rfe8 26. Rc1 Rxc1+ 27. Qxc1 Rc8 28. Rc3 Rxc3 29. Qxc3 Nc6 30. Ba3 b6 31. Bd6 Qf5 32. h3 Qxf4 33. Bxd5 Qf1+ 34. Kh2 Qf4+ 35. Kh1 Qf1+ 36. Kh2 1/2-1/2

[Event "Rhein Main op-A 17th"]
[Site "Bad Homburg"]
[Date "2014.06.18"]
[Round "1"]
[White "Benikhis, Avram"]
[Black "Di Franco, Patricio"]
[Result "0-1"]
[WhiteElo "1890"]
[BlackElo "2094"]
[PlyCount "50"]
[EventDate "2014.06.18"]
[EventType "swiss"]
[EventRounds "7"]
[EventCountry "GER"]
[SourceTitle "CBM 161 Extra"]
[Source "ChessBase"]
[SourceDate "2014.08.29"]
[SourceVersion "1"]
[SourceVersionDate "2014.08.29"]
[SourceQuality "1"]

1. e4 c5 2. Nf3 Nc6 3. d4 cxd4 4. Nxd4 Nf6 5. Nc3 e5 6. Ndb5 d6 7. Nd5 Nxd5 8. exd5 Nb8 9. c4 a6 10. Nc3 Be7 11. Bd3 Nd7 12. 0-0 0-0 13. Qc2 g6 14. b3 f5 15. a3 Bf6 16. Rb1 e4 17. Be2 Be5 18. g3 Qf6 19. Na4 Rb8 20. Bb2 b5 21. Bxe5 Nxe5 22. cxb5 axb5 23. Nc3 Bd7 24. a4 Rfc8 25. Qd2 Rxc3 0-1

[Event "Frankfurt-chA"]
[Site "Frankfurt"]
[Date "2013.05.13"]
[Round "3"]
[White "Boehle, Reinhard"]
[Black "Benikhis, Avram"]
[Result "1-0"]
[WhiteElo "2108"]
[BlackElo "1890"]
[PlyCount "75"]
[EventDate "2013.04.29"]
[EventType "swiss"]
[EventRounds "7"]
[EventCountry "GER"]
[SourceTitle "EXT 2014"]
[Source "ChessBase"]
[SourceDate "2013.11.20"]
[SourceVersion "1"]
[SourceVersionDate "2013.11.20"]
[SourceQuality "1"]

1. e4 e5 2. f4 d5 3. exd5 e4 4. d3 exd3 5. Bxd3 Nf6 6. Qe2+ Be7 7. Nc3 0-0 8. Bd2 Re8 9. 0-0-0 Bc5 10. Qf1 Nxd5 11. Bxh7+ Kxh7 12. Qd3+ Kh8 13. Qxd5 Qxd5 14. Nxd5 Na6 15. Nf3 Be6 16. Nc3 Nb4 17. a3 Nd5 18. Ne4 Bb6 19. Rde1 f6 20. c4 Bf5 21. Ng3 Ne3 22. b4 Nxc4 23. Nxf5 Nxa3 24. Rxe8+ Rxe8 25. Re1 Rxe1+ 26. Nxe1 Nc4 27. Kc2 a5 28. bxa5 Nxa5 29. Bxa5 Bxa5 30. Nf3 Kg8 31. N5d4 g6 32. Kd3 Kf7 33. Kc4 Ke7 34. Nb3 Bb6 35. Nc5 Bxc5 36. Kxc5 Ke6 37. Nd4+ Ke7 38. g4 1-0

[Event "Frankfurt-ch"]
[Site "Frankfurt"]
[Date "2008.04.28"]
[Round "1"]
[White "Schramm, Christian"]
[Black "Benikhis, Avram"]
[Result "1-0"]
[WhiteElo "2331"]
[BlackElo "1774"]
[PlyCount "41"]
[EventDate "2008.04.28"]
[EventType "swiss"]
[EventRounds "7"]
[EventCountry "GER"]
[SourceTitle "EXT 2009"]
[Source "ChessBase"]
[SourceDate "2008.11.26"]
[SourceVersion "1"]
[SourceVersionDate "2008.11.26"]
[SourceQuality "1"]

1. e4 e5 2. Nf3 Nf6 3. Bc4 Nxe4 4. Nc3 Nd6 5. Bb3 Be7 6. Nxe5 0-0 7. d4 c6 8. Qh5 Bf6 9. Bf4 Qe7 10. 0-0-0 Bxe5 11. dxe5 Ne8 12. Rhe1 Na6 13. Kb1 Nac7 14. Bg5 Qc5 15. Ne4 Qxe5 16. Nd6 Qxd6 17. Rxd6 Nxd6 18. Be7 Re8 19. Re3 g6 20. Rh3 gxh5 21. Rg3+ 1-0

[Event "Frankfurt-ch"]
[Site "Frankfurt"]
[Date "2006.05.29"]
[Round "6"]
[White "Benikhis, Avram"]
[Black "Wanie, Karsten"]
[Result "0-1"]
[WhiteElo "1794"]
[BlackElo "2055"]
[PlyCount "46"]
[EventDate "2006.04.24"]
[EventType "swiss"]
[EventRounds "7"]
[EventCountry "GER"]
[SourceTitle "EXT 2007"]
[Source "ChessBase"]
[SourceDate "2006.11.23"]
[SourceVersion "1"]
[SourceVersionDate "2006.11.23"]
[SourceQuality "1"]

1. d4 e6 2. c4 d5 3. Nc3 c5 4. cxd5 exd5 5. dxc5 d4 6. Ne4 Bf5 7. Nd6+ Bxd6 8. cxd6 Qxd6 9. Qb3 Nc6 10. Bd2 Nf6 11. Qg3 Qe7 12. a3 0-0 13. Nf3 Ne4 14. Qf4 Nxd2 15. Qxd2 Rad8 16. g3 d3 17. e3 Be4 18. Bg2 Qf6 19. Nh4 Bxg2 20. Nxg2 Ne5 21. 0-0-0 Rc8+ 22. Kb1 Rc2 23. Qb4 Nc4 0-1

[Event "Frankfurt-ch"]
[Site "Frankfurt"]
[Date "2006.04.24"]
[Round "1"]
[White "Reschke, Stefan"]
[Black "Benikhis, Avram"]
[Result "1-0"]
[WhiteElo "2356"]
[BlackElo "1794"]
[PlyCount "63"]
[EventDate "2006.04.24"]
[EventType "swiss"]
[EventRounds "7"]
[EventCountry "GER"]
[SourceTitle "EXT 2007"]
[Source "ChessBase"]
[SourceDate "2006.11.23"]
[SourceVersion "1"]
[SourceVersionDate "2006.11.23"]
[SourceQuality "1"]

1. Nf3 c5 2. g3 b6 3. Bg2 Bb7 4. 0-0 Nf6 5. c4 g6 6. b3 Bg7 7. Bb2 0-0 8. d4 cxd4 9. Qxd4 Nc6 10. Qf4 Qb8 11. Qc1 d6 12. Nc3 Ne5 13. Nxe5 Bxg2 14. Kxg2 dxe5 15. Qe3 Qb7+ 16. Kg1 Rad8 17. Rad1 e4 18. h3 h5 19. Na4 Kh7 20. Bd4 Rfe8 21. Qc1 Qc6 22. Nc3 Qe6 23. Kg2 Qc6 24. Be3 Rf8 25. Qc2 Rfe8 26. a4 a6 27. Rd2 Rxd2 28. Qxd2 e6 29. Rd1 Bf8 30. Qd4 Rb8 31. Qxf6 Bg7 32. Qf4 1-0